Computerized accounting with Peachtree complete accounting version 6.0
Αποθηκεύτηκε σε:
| Άλλοι συγγραφείς: | |
|---|---|
| Μορφή: | Βιβλίο |
| Γλώσσα: | English |
| Δημοσίευση: |
Burr Ridge, Ill. :
Irwin,
c1994
|
| Έκδοση: | 2nd ed. |
| Θέματα: | |
| Ετικέτες: |
Προσθήκη ετικέτας
Δεν υπάρχουν, Καταχωρήστε ετικέτα πρώτοι!
|
MARC
| LEADER | 00000cam a2200000 i 4500 | ||
|---|---|---|---|
| 001 | 1/19812 | ||
| 008 | 960702s1994 eng d | ||
| 020 | |a 025611191X | ||
| 035 | |l 10021409 | ||
| 040 | |a GR-MY-UA |b gre |e aacr | ||
| 041 | 0 | |a eng | |
| 082 | 0 | |a 657.0285369 | |
| 245 | 1 | 0 | |a Computerized accounting with Peachtree complete accounting version 6.0 / |c Roger H. Hermanson ... [et al.] |
| 246 | 3 | 3 | |a Peachtree complete accounting |
| 250 | |a 2nd ed. | ||
| 260 | |a Burr Ridge, Ill. : |b Irwin, |c c1994 | ||
| 300 | |a 1 v. (various pagings); |b εικ.; |c 28 cm | ||
| 500 | |a Spine title: Peachtree complete accounting | ||
| 650 | 0 | 0 | |a Accounting |x Computer programs. |
| 700 | 1 | |a Hermanson, Roger H. | |
| 852 | |a INST |b CHIOS |e 19960702 |h 657.0285369 COM |p 005200001601 |q 005200001601 |t BK |y 0 | ||
| 909 | |a Χ |b 041069 | ||